CONCEPT IN STRATEGIC MANAGEMENT AND BUSINESS POLICY (Record no. 2143)
[ view plain ]
| 000 -LEADER | |
|---|---|
| fixed length control field | 00390nam a2200157Ia 4500 |
| 003 - CONTROL NUMBER IDENTIFIER | |
| control field | OSt |
| 005 - DATE AND TIME OF LATEST TRANSACTION | |
| control field | 20240109153237.0 |
| 008 - FIXED-LENGTH DATA ELEMENTS--GENERAL INFORMATION | |
| fixed length control field | 170524s9999 xx 000 0 und d |
| 020 ## - INTERNATIONAL STANDARD BOOK NUMBER | |
| International Standard Book Number | 8129704781 |
| 040 ## - CATALOGING SOURCE | |
| Transcribing agency | iimt university meerut |
| 100 ## - MAIN ENTRY--PERSONAL NAME | |
| Personal name | WHEELEN- HUNGER |
| 100 ## - MAIN ENTRY--PERSONAL NAME | |
| Titles and words associated with a name | 2005 |
| 245 #0 - TITLE STATEMENT | |
| Title | CONCEPT IN STRATEGIC MANAGEMENT AND BUSINESS POLICY |
| 260 ## - PUBLICATION, DISTRIBUTION, ETC. | |
| Place of publication, distribution, etc. | PEARSON EDU |
| 942 ## - ADDED ENTRY ELEMENTS (KOHA) | |
| Source of classification or shelving scheme | |
| Koha item type | Book Bank |
| Withdrawn status | Lost status | Source of classification or shelving scheme | Damaged status | Not for loan | Home library | Current library | Date acquired | Total Checkouts | Full call number | Barcode | Date last seen | Date last checked out | Price effective from | Koha item type | Public note |
|---|---|---|---|---|---|---|---|---|---|---|---|---|---|---|---|
| IIMT University Central Library Meerut | IIMT University Central Library Meerut | 05/30/2017 | 1 | 275 | 01-B-10580 | 11/08/2022 | 11/08/2022 | 05/30/2017 | Book Bank | ||||||
| IIMT University Central Library Meerut | IIMT University Central Library Meerut | 05/30/2017 | 275 | 01-B-10581 | 05/30/2017 | 05/30/2017 | Book Bank | ||||||||
| IIMT University Central Library Meerut | IIMT University Central Library Meerut | 05/30/2017 | 275 | 01-B-10582 | 05/30/2017 | 05/30/2017 | Book Bank | ||||||||
| IIMT University Central Library Meerut | IIMT University Central Library Meerut | 05/30/2017 | 275 | 01-B-10583 | 05/30/2017 | 05/30/2017 | Book Bank | ||||||||
| IIMT University Central Library Meerut | IIMT University Central Library Meerut | 05/30/2017 | 275 | 01-B-10584 | 05/30/2017 | 05/30/2017 | SAMS ISSUE RECORD | MBA Left Faculty without no dues | |||||||
| IIMT University Central Library Meerut | IIMT University Central Library Meerut | 05/30/2017 | 1 | 275 | 01-B-10585 | 03/16/2020 | 03/16/2020 | 05/30/2017 | Book Bank | ||||||
| IIMT University Central Library Meerut | IIMT University Central Library Meerut | 05/30/2017 | 275 | 01-B-10586 | 05/30/2017 | 05/30/2017 | Book Bank | ||||||||
| IIMT University Central Library Meerut | IIMT University Central Library Meerut | 05/30/2017 | 275 | 01-B-10587 | 05/30/2017 | 05/30/2017 | Book Bank | ||||||||
| IIMT University Central Library Meerut | IIMT University Central Library Meerut | 05/30/2017 | 275 | 01-B-10588 | 05/30/2017 | 05/30/2017 | Book Bank | ||||||||
| IIMT University Central Library Meerut | IIMT University Central Library Meerut | 05/30/2017 | 275 | 01-B-10589 | 05/30/2017 | 05/30/2017 | Book Bank | ||||||||
| IIMT University Central Library Meerut | IIMT University Central Library Meerut | 05/30/2017 | 275 | 01-B-10590 | 01/27/2018 | 05/30/2017 | Book Bank | ||||||||
| IIMT University Central Library Meerut | IIMT University Central Library Meerut | 05/30/2017 | 275 | 01-B-10591 | 05/30/2017 | 05/30/2017 | Book Bank |

